LEADER 01027nam0-22002771i-450- 001 990004454300403321 005 19990530 035 $a000445430 035 $aFED01000445430 035 $a(Aleph)000445430FED01 035 $a000445430 100 $a19990530d1930----km-y0itay50------ba 101 0 $aita 105 $ay-------001yy 200 1 $a<>probleme litteraire et historique du roman pseudo-Clementin$eEtude sur le rapport entre le gnosticisme et le Judeo-Christianisme$fOscar Cullmann 210 $aParis$cLibrairie Felix Alcan$d1930 215 $aVIII, 271 p.$d21 cm 225 1 $aEtudes d'histoire et de Philosophie Religieuses publiees par a Faculte' de Theologie Protestante de l'Universite' de Strasburg$v23 700 1$aCullmann,$bOscar$f<1902-1999>$067965 801 0$aIT$bUNINA$gRICA$2UNIMARC 901 $aBK 912 $a990004454300403321 952 $a6/ III D 50$bbibl.10721$fFLFBC 959 $aFLFBC 996 $aProbleme litteraire et historique du roman pseudo-Clementin$9544347 997 $aUNINA